Discussions and closures of abstracted papers from the winter meeting : New York City, New York, February 4-9, 1979.

Bibliographic Details
Corporate Author: IEEE Power Engineering Society
Format: Book
Language:English
Published: New York : Institute of Electrical and Electronics Engineers, [1979]
Subjects:

MARC

Tag First Indicator Second Indicator Subfields
LEADER 00000cam a2200000 a 4500
001 in00000092787
005 20150923173245.0
008 800409s1979 nyua b 10010 eng d
010 |a  76004401  
035 |a (OCoLC)06184427 
035 |9 AAK7791AM 
040 |a CUS  |c CUS  |d m.c.  |d TXA  |d UtOrBLW 
049 |a TXAM  |c [388799] 
090 |a TK5  |b .I25 1979c 
110 2 |a IEEE Power Engineering Society. 
245 1 0 |a Discussions and closures of abstracted papers from the winter meeting :  |b New York City, New York, February 4-9, 1979. 
264 1 |a New York :  |b Institute of Electrical and Electronics Engineers,  |c [1979] 
264 4 |c ©1979 
300 |a 109 pages in various pagings :  |b illustrations ;  |c 28 cm. 
336 |a text  |b txt  |2 rdacontent 
337 |a unmediated  |b n  |2 rdamedia 
338 |a volume  |b nc  |2 rdacarrier 
500 |a "79 CH 1418-3-PWR." 
500 |a Spine and cover title: IEEE 1979 PES winter meeting discussions and closures. 
504 |a Includes bibliographical references. 
650 0 |a Electric power  |v Congresses. 
650 0 |a Electrical engineering  |v Congresses. 
740 0 |a IEEE 1979 PES winter meeting discussions and closures. 
999 |a MARS 
999 f f |s 54a4a568-3e9b-3739-8712-d1a28320da32  |i 0b1076a3-0672-3fb8-bc97-4379fda8490e  |t 0 
952 f f |p ric  |a Texas A&M University  |b Rellis Campus  |c Joint Library Facility  |d Remote Storage  |t 0  |e TK5 .I25 1979c  |h Library of Congress classification  |i unmediated -- volume  |m A14806006637 
998 f f |a TK5 .I25 1979c  |t 0  |l Remote Storage